| 000 | 00661nam a2200193Ia 4500 | ||
|---|---|---|---|
| 005 | 20260114185803.0 | ||
| 008 | 008 260114s9999 xx 000 0 eng d | ||
| 020 | _a9781350036178 | ||
| 037 | _aEBOOK | ||
| 040 |
_aCRL _beng _cCRL |
||
| 041 |
_aeng _2eng |
||
| 084 | _qCRL | ||
| 100 |
_aFrancesco Iacono _9874405 |
||
| 245 | 4 | _aThe Archaeology of Late Bronze Age Interaction and Mobility at the Gates of Europe People, Things and Networks around the Southern Adriatic Sea | |
| 260 |
_bBloomsbury _c2018 |
||
| 856 | _uhttps://doi.org/10.5040/9781350036178?locatt=label:secondary_bloomsburyCollections | ||
| 942 | _cEBOOK | ||
| 999 |
_c1473339 _d1473339 |
||